Errores judiciales en materia criminal
Uloženo v:
| Hlavní autor: | |
|---|---|
| Médium: | Kniha |
| Jazyk: | španělština |
| Vydáno: |
Santiago
La Ilustración
1919
|
| Témata: | |
| Tagy: |
Přidat tag
Žádné tagy, Buďte první, kdo vytvoří štítek k tomuto záznamu!
|
MARC
| LEADER | 00000nam a2200000 a 4500 | ||
|---|---|---|---|
| 001 | UCS1022 | ||
| 003 | CL-VaPUC | ||
| 008 | 970506e19190000CL |||||||||||||||||spa|d | ||
| 082 | 0 | 4 | |a 345.05 |b CAÑ |2 21 |
| 100 | 0 | |a Cañas O'Ryan, Alfredo |e author |9 385004 | |
| 245 | 1 | 0 | |a Errores judiciales en materia criminal |
| 300 | |a 171 p | ||
| 942 | |c BK | ||
| 945 | |d 19970506 00:00:00 |a paguirre | ||
| 260 | |a Santiago |b La Ilustración |c 1919 | ||
| 650 | 7 | |a DERECHO PENAL |2 CL-VaPUC |9 11 | |
| 650 | 0 | |a Derecho procesal penal |9 256392 | |
| 650 | 7 | |a ERROR JUDICIAL |2 CL-VaPUC |9 256181 | |
| 650 | 0 | |a Ministerio público |9 332891 | |
| 583 | |a last modification |c 19970506 00:00:00 |k Rodrigo Vera | ||
| 999 | |c 259133 |d 259131 | ||
| 952 | |0 0 |1 0 |4 0 |6 345_050000000000000_CAÑ_1919 |7 0 |8 A |9 283708 |a BIBDER |b BIBDER |d 2019-11-19 |i 1841521 |o 345.05 CAÑ 1919 |p 1841521 |r 2023-01-25 |w 2019-11-19 |y BK |k DER | ||
| 952 | |0 0 |1 0 |4 0 |6 345_050000000000000_CAÑ_1919 |7 0 |8 A |9 283709 |a BIBDER |b BIBDER |d 2019-11-19 |i 184153K |o 345.05 CAÑ 1919 |p 184153K |r 2023-01-25 |w 2019-11-19 |y BK |k DER | ||